000 01145cam a22003134a 4500
001 12719828
005 20220131131032.0
008 020326s2003 mau b 001 0 eng
010 _a 2002004860
020 _a1557865949 (alk. paper)
040 _aDLC
_cDLC
_dDLC
042 _apcc
245 0 2 _aA companion to applied ethics
_h[electronic resource] /
_cedited by R.G. Frey and Christopher Heath Wellman.
260 _aMalden, MA :
_bBlackwell Pub.,
_c2003.
300 _axviii, 698 p. ;
_c26 cm.
336 _atext
337 _acomputer
338 _aonline resource
440 0 _aBlackwell companions to philosophy ;
_v26
504 _aIncludes bibliographical references and index.
650 0 _aApplied ethics.
655 _aelectronic books
700 1 _aFrey, R. G.
_q(Raymond Gillespie)
700 1 _aWellman, Christopher Heath.
856 _uhttps://drive.google.com/file/d/1aKU2svfz1UwVbIXaHJ9s8Jl6cbLkXn-o/view?usp=sharing
906 _a7
_bcbc
_corignew
_d1
_eecip
_f20
_gy-gencatlg
942 _2lcc
_cEBK
999 _c51261
_d51261